| 000 | 00642nam a2200205Ia 4500 | ||
|---|---|---|---|
| 003 | IN-BaIIA | ||
| 008 | 211028s9999 xx 000 0 eng d | ||
| 020 | _a0-521-22494-2 | ||
| 040 | _cIIA Library | ||
| 080 |
_a524.744(082.1) _bACT |
||
| 245 | 0 |
_aActive galactic nuclei _cedited by C. Hazard and S. Mitton |
|
| 260 |
_aCambridge _bCambridge University Press _c1979 |
||
| 300 | _a[various pagings.] | ||
| 650 |
_aGalaxies _91286 |
||
| 650 |
_aNuclear astrophysics _92774 |
||
| 650 |
_aQuasars _91096 |
||
| 700 |
_aHazard, C., ed. _910996 |
||
| 700 |
_aMitton, S., ed. _910997 |
||
| 942 | _cBK | ||
| 999 |
_c6409 _d6409 |
||